[Event "World Amateur-ch"]
[Site "Iasi"]
[Date "2013.04.30"]
[Round "9"]
[White "Elmas, Mustafaa"]
[Black "Galateanu, Calin"]
[Result "1-0"]
[WhiteElo "1923"]
[BlackElo "1857"]
[PlyCount "45"]
[EventDate "2013.04.22"]
[EventType "swiss"]
[EventRounds "9"]
[EventCountry "ROU"]
[SourceTitle "CBM 154 Extra"]
[Source "ChessBase"]
[SourceDate "2013.06.25"]
[SourceVersion "2"]
[SourceVersionDate "2013.06.25"]
[SourceQuality "1"]

1. e4 a6 2. d4 e6 3. Nc3 c5 4. Nf3 cxd4 5. Nxd4 d6 6. Be3 Nf6 7. Be2 Nbd7 8. 0-0 Qc7 9. h3 Be7 10. Qd2 b6 11. Rfd1 Bb7 12. f3 0-0 13. a3 Rac8 14. Nb3 Rfd8 15. Bg5 Nf8 16. Be3 Ng6 17. Bf2 h6 18. Be3 Nd7 19. f4 Bf6 20. Nd4 Nc5 21. Bf3 Nf8 22. Nde2 Nfd7 23. Kh1 1-0

[Event "World Amateur-ch"]
[Site "Iasi"]
[Date "2013.04.27"]
[Round "6"]
[White "Marinescu, Stefan"]
[Black "Galateanu, Calin"]
[Result "1-0"]
[WhiteElo "1967"]
[BlackElo "1857"]
[PlyCount "53"]
[EventDate "2013.04.22"]
[EventType "swiss"]
[EventRounds "9"]
[EventCountry "ROU"]
[SourceTitle "CBM 154 Extra"]
[Source "ChessBase"]
[SourceDate "2013.06.25"]
[SourceVersion "2"]
[SourceVersionDate "2013.06.25"]
[SourceQuality "1"]

1. c4 f5 2. Nc3 Nf6 3. d4 e6 4. g3 d5 5. Bg2 c6 6. Nf3 Bd6 7. Bf4 Bxf4 8. gxf4 0-0 9. Ne5 Nbd7 10. e3 Nxe5 11. fxe5 Ne4 12. Bxe4 fxe4 13. Qg4 Qe7 14. Rg1 Bd7 15. Rg2 Rf5 16. 0-0-0 Raf8 17. Rdg1 R8f7 18. Ne2 Qb4 19. Nf4 dxc4 20. Qh4 Qa5 21. Qh6 c3 22. Rxg7+ Kf8 23. Rxf7+ Kxf7 24. Qxh7+ Ke8 25. Rg8+ Rf8 26. Rxf8+ Kxf8 27. Ng6+ 1-0

[Event "World Amateur-ch"]
[Site "Iasi"]
[Date "2013.04.24"]
[Round "3"]
[White "Hrib, Andrada Ioana"]
[Black "Galateanu, Calin"]
[Result "0-1"]
[WhiteElo "1545"]
[BlackElo "1857"]
[PlyCount "82"]
[EventDate "2013.04.22"]
[EventType "swiss"]
[EventRounds "9"]
[EventCountry "ROU"]
[SourceTitle "CBM 154 Extra"]
[Source "ChessBase"]
[SourceDate "2013.06.25"]
[SourceVersion "2"]
[SourceVersionDate "2013.06.25"]
[SourceQuality "1"]

1. d4 f5 2. c4 Nf6 3. Nc3 e6 4. Bg5 Be7 5. e3 0-0 6. Nf3 Ne4 7. Bxe7 Qxe7 8. Qc2 d5 9. Bd3 c6 10. 0-0 Nd7 11. a3 g5 12. b4 g4 13. Nd2 Qg5 14. Ndxe4 fxe4 15. Be2 Rf6 16. Nxe4 dxe4 17. Qxe4 Rg6 18. Bd3 Rh6 19. g3 Qh5 20. Qg2 e5 21. d5 Nf6 22. dxc6 bxc6 23. c5 e4 24. Bc4+ Nd5 25. Rfd1 Qe5 26. Rd4 Re6 27. Rad1 Bb7 28. a4 Kg7 29. Bxd5 cxd5 30. b5 Rd8 31. c6 Bc8 32. Rc1 Qd6 33. Rc3 Rf8 34. Rc2 Re5 35. Qf1 Rh5 36. Qc1 Qh6 37. Qb2 Kg8 38. Qb3 Be6 39. c7 Rxh2 40. Kf1 Qh3+ 41. Ke1 Rh1+ 0-1

[Event "EU-chT School U16 4th"]
[Site "Varna"]
[Date "2009.06.14"]
[Round "2.2"]
[White "Bayramov, Elkhan Khayyat"]
[Black "Galateanu, Calin"]
[Result "1-0"]
[WhiteElo "1944"]
[BlackElo "1788"]
[PlyCount "42"]
[EventDate "2009.06.13"]
[EventType "team"]
[EventRounds "6"]
[EventCountry "BUL"]
[SourceTitle "CBM 131 Extra"]
[Source "ChessBase"]
[SourceDate "2009.09.03"]
[SourceVersion "2"]
[SourceVersionDate "2009.09.16"]
[SourceQuality "1"]

1. e4 e5 2. Nf3 Nc6 3. Bb5 a6 4. Ba4 d6 5. Bxc6+ bxc6 6. d4 exd4 7. Nxd4 c5 8. Nb3 Nf6 9. 0-0 Be7 10. Nc3 Bd7 11. f3 0-0 12. Be3 c6 13. Kh1 Qc7 14. Qe1 Kh8 15. Rd1 Rad8 16. Na4 Nh5 17. Bc1 f5 18. exf5 Bxf5 19. g4 Bg6 20. gxh5 Bxh5 21. Qg3 Bf6 1-0

[Event "ROM-ch U14 Boys"]
[Site "Voineasa"]
[Date "2008.04.12"]
[Round "1"]
[White "Galateanu, Calin"]
[Black "Stoean, Robert Renaldo"]
[Result "1/2-1/2"]
[WhiteElo "569"]
[BlackElo "1798"]
[PlyCount "99"]
[EventDate "2008.04.08"]
[EventType "swiss"]
[EventRounds "9"]
[EventCountry "ROU"]
[SourceTitle "EXT 2013"]
[Source "ChessBase"]
[SourceDate "2012.11.22"]
[SourceVersion "1"]
[SourceVersionDate "2012.11.22"]
[SourceQuality "1"]

1. c4 c5 2. Nc3 Nc6 3. g3 e6 4. Bg2 Nf6 5. e4 d6 6. d3 Bd7 7. Nge2 a6 8. 0-0 Be7 9. f4 Rb8 10. d4 cxd4 11. Nxd4 Qb6 12. Be3 Qxb2 13. Rc1 Qa3 14. Bf2 0-0 15. Nb3 Na5 16. e5 Ne8 17. Nxa5 Qxa5 18. c5 d5 19. Qg4 Bxc5 20. Nxd5 Bxf2+ 21. Rxf2 Qa3 22. Rfc2 exd5 23. Qxd7 Qe3+ 24. Kh1 d4 25. Rd1 g6 26. Rcd2 Ng7 27. Qxd4 Qxd4 28. Rxd4 Nf5 29. R4d3 b5 30. g4 Ng7 31. Bd5 a5 32. Kg2 Rfe8 33. Bc6 Rf8 34. Kf3 h6 35. Rd5 Rfc8 36. Rxb5 Rxb5 37. Bxb5 Rc2 38. Rd8+ Kh7 39. Rf8 Rc7 40. Ke4 Ne6 41. Ra8 Rc2 42. Rxa5 Rxh2 43. Bc4 Kg7 44. Bxe6 fxe6 45. Ra8 Rg2 46. Kf3 Rc2 47. a4 Rc3+ 48. Ke4 Rc4+ 49. Ke3 Rc3+ 50. Kd4 1/2-1/2